Städte in Bayern - Statistiken

Allgemein
  • Dieses Quiz wurde 137 mal gespielt
  • Das Durchschnittsergebnis liegt bei 12 aus 15
Answers on the Grid
Answers color-coded by a green-red scale on the quiz's grid according to % correct below.
Würzburg
Günzburg
Schweinfurt
Passau
Stuttgart
Karlsruhe
Marburg
Minden
Bamberg
Bayreuth
München
Nürnberg
Freiburg
Mannheim
Heidelberg
Heidenheim
Aschaffenburg
Haßfurt
Hof
Coburg
Erlangen
Neumarkt
Weiden
Detmold
Weinheim
Tübingen
Bingen
Frankfurt am Main
Darmstadt
Kehl
 
Antwortstatistiken
Antwort % Korrekt
München
97%
Würzburg
96%
Bamberg
95%
Schweinfurt
93%
Bayreuth
92%
Nürnberg
92%
Passau
91%
Erlangen
89%
Hof
88%
Aschaffenburg
83%
Coburg
74%
Neumarkt
71%
Günzburg
70%
Weiden
61%
Haßfurt
49%
Keine übereinstimmenden Quizze gefunden
Verteilung der Resultate
Anzahl Personen mit jedem Resultat
Perzentil nach korrekt beantworteten Fragen
Ihre Resultats-Entwicklung
Sie haben dieses Quiz noch nicht gespielt